Statistics for Premier League 21/22 matchweek 2 King of the match

Click here to take the quiz!

General Stats

  • This quiz has been taken 10 times
  • The average score is 7 of 10

Answer Stats

HintAnswer% Correct
Wolves 0-1 TottenhamDele Alli
100%
Aston Villa 2-0 NewcastleDanny Ings
89%
Man City 5-0 NorwichJack Grealish
89%
West Ham 4-1 LeicesterMichail Antonio
89%
Arsenal 0-2 ChelseaRomelu Lukaku
78%
Leeds 2-2 EvertonRaphinha
67%
Southampton 1-1 Man UnitedMason Greenwood
56%
Crystal Palace 0-0 BrentfordVicente Guaita
44%
Liverpool 2-0 BurnleyKostas Tsimikas
33%
Brighton 2-0 WatfordYves Bissouma
22%

Score Distribution

Percentile by Number Answered

Percent of People with Each Score

Your Score History

You have not taken this quiz